俄罗斯联邦主体(一级行政区)地图 Federal subjects of Russia map - Statistics

General Stats
  • This quiz has been taken 215 times
  • The average score is 34 of 83
Answers on the Map
Answers color-coded by a green-red scale on the quiz's map according to % correct below.
 
Answer Stats
类型 联邦主体 % Correct
莫斯科州
97%
联邦城市 莫斯科
97%
联邦城市 圣彼得堡
94%
共和国 萨哈(雅库特)共和国
80%
共和国 车臣共和国
79%
摩尔曼斯克州
77%
边疆区 滨海边疆区
76%
加里宁格勒州
73%
民族自治区 楚科奇自治区
72%
新西伯利亚州
68%
伏尔加格勒州
68%
自治州 犹太自治州
67%
秋明州
65%
列宁格勒州
64%
萨哈林州
63%
共和国 图瓦共和国
61%
阿穆尔州
58%
共和国 卡累利阿共和国
56%
边疆区 堪察加边疆区
56%
共和国 鞑靼斯坦共和国
55%
罗斯托夫州
55%
共和国 布里亚特共和国
53%
伊尔库茨克州
52%
下诺夫哥罗德州
50%
梁赞州
50%
库尔斯克州
49%
诺夫哥罗德州
46%
鄂木斯克州
46%
民族自治区 亚马尔-涅涅茨自治区
46%
马加丹州
45%
边疆区 哈巴罗夫斯克边疆区
44%
民族自治区 涅涅茨自治区
44%
共和国 阿尔泰共和国
43%
边疆区 阿尔泰边疆区
43%
共和国 科米共和国
42%
阿尔汉格尔斯克州
42%
车里雅宾斯克州
41%
边疆区 克拉斯诺达尔边疆区
40%
边疆区 克拉斯诺亚尔斯克边疆区
40%
阿斯特拉罕州
40%
托木斯克州
40%
共和国 北奥塞梯-阿兰共和国
39%
图拉州
38%
共和国 达吉斯坦共和国
37%
共和国 印古什共和国
37%
共和国 卡尔梅克共和国
37%
别尔哥罗德州
36%
边疆区 后贝加尔边疆区
35%
斯摩棱斯克州
35%
萨马拉州
34%
奥伦堡州
33%
布良斯克州
32%
边疆区 彼尔姆边疆区
29%
基洛夫州
26%
沃罗涅日州
26%
共和国 阿迪格共和国
25%
萨拉托夫州
25%
民族自治区 汉特-曼西自治区
24%
普斯科夫州
23%
特维尔州
23%
奔萨州
22%
弗拉基米尔州
22%
共和国 哈卡斯共和国
21%
克麦罗沃州
21%
坦波夫州
21%
乌里扬诺夫斯克州
21%
沃洛格达州
21%
共和国 莫尔多瓦共和国
20%
库尔干州
19%
共和国 楚瓦什共和国
18%
边疆区 斯塔夫罗波尔边疆区
18%
科斯特罗马州
18%
斯维尔德洛夫斯克州
18%
雅罗斯拉夫尔州
18%
奥廖尔州
17%
卡卢加州
16%
利佩茨克州
15%
共和国 巴什科尔托斯坦共和国
14%
共和国 卡巴尔达-巴尔卡尔共和国
14%
共和国 乌德穆尔特共和国
13%
共和国 卡拉恰伊-切尔克斯共和国
11%
共和国 马里埃尔共和国
11%
伊万诺沃州
11%
No matching quizzes found
Score Distribution
Percent of People with Each Score
Percentile by Number Answered
Your Score History
You have not taken this quiz